Penyembuhan semula jadi dengan herba

Bibliographic Details
Main Author: Noraida Arifin
Format: Book
Published: Bentong, Pahang : PTS Millennia, , 2005
Series:Siri gaya hidup sihat
Subjects:

MARC

LEADER 00000cam a2200000 7i4500
001 0000003566
005 20060621.0
020 0 0 |a 9833372295 
090 0 0 |a 615.32109595   |b NOR 
100 1 0 |a Noraida Arifin 
245 1 0 |a Penyembuhan semula jadi dengan herba   |c Noraida Arifin 
260 0 0 |a Bentong, Pahang :   |b PTS Millennia, ,   |c 2005 
300 |a xvi, 252ms. :   |b il. ;   |c 23cm. 
440 0 0 |a Siri gaya hidup sihat 
650 0 0 |a Herbs   |x Therapeutic use   |z Malaysia 
650 0 0 |a Medicinal plants   |z Malaysia 
999 |a 0000006878   |b Monograph   |c Open Shelf   |e Default branch